Players of Bayern Munich - Statistics

General Stats
  • This quiz has been taken 50 times
  • The average score is 10 of 27
Answer Stats
Position Number Player % Correct
Goalkeeper 1 Manuel Neuer
98%
Forward 7 Serge Gnabry
78%
Forward 10 Leroy Sané
74%
Forward 9 Robert Lewandowski
72%
Forward 25 Thomas Müller
72%
Midfielder 6 Joshua Kimmich
70%
Defender 27 David Alaba
63%
Midfielder 18 Leon Goretzka
63%
Defender 17 Jérôme Boateng
61%
Forward 29 Kingsley Coman
54%
Forward 42 Jamal Musiala
52%
Defender 5 Benjamin Pavard
48%
Defender 19 Alphonso Davies
43%
Defender 21 Lucas Hernández
39%
Midfielder 24 Corentin Tolisso
28%
Midfielder 8 Javi Martinez
22%
Defender 4 Niklas Süle
11%
Defender 20 Bouna Sarr
7%
Goalkeeper 35 Alexander Nübel
4%
Defender 41 Chris Richards
4%
Forward 13 Eric Maxim Choupo-Moting
4%
Goalkeeper 39 Ron-Thorben Hoffmann
4%
Forward 14 Joshua Zirkzee
2%
Defender 23 Tanguy Nianzou
2%
Forward 11 Douglas Costa de Souza
0%
Midfielder 22 Mark Roca
0%
Midfielder 28 Tiago Dantas
0%
No matching quizzes found
Score Distribution
Percent of People with Each Score
Percentile by Number Answered
Your Score History
You have not taken this quiz